[Event "Landesliga Nord 1415"]
[Site "Bayern"]
[Date "2015.02.22"]
[Round "7.6"]
[White "Sommer, Matthias"]
[Black "Buecker, Florian"]
[Result "1/2-1/2"]
[WhiteElo "2037"]
[BlackElo "1949"]
[PlyCount "71"]
[EventDate "2014.10.19"]
[EventType "team-tourn"]
[EventRounds "9"]
[EventCountry "GER"]
[SourceTitle "EXT 2018"]
[Source "ChessBase"]
[SourceDate "2017.10.13"]
[SourceVersion "1"]
[SourceVersionDate "2017.10.13"]
[SourceQuality "1"]
[WhiteTeam "Nuernberg NT II"]
[BlackTeam "Bamberg SC"]
[WhiteTeamCountry "GER"]
[BlackTeamCountry "GER"]

1. c4 e6 2. g3 Nf6 3. Bg2 Be7 4. Nf3 0-0 5. 0-0 c5 6. Nc3 Nc6 7. b3 b6 8. Bb2 Bb7 9. d4 Nxd4 10. Nxd4 Bxg2 11. Kxg2 cxd4 12. Qxd4 Qc7 13. e4 d6 14. Rad1 Rfd8 15. Rd2 Qc6 16. h3 Ne8 17. Qe3 h6 18. Kh2 a6 19. a4 Nc7 20. Rc1 Qc5 21. Nd1 Qxe3 22. Nxe3 a5 23. Ba3 Na6 24. Rb1 Nc5 25. f3 Bg5 26. Re2 h5 27. Kg2 g6 28. f4 Bf6 29. Kf3 Kf8 30. Rd2 Ke8 31. Nc2 Rd7 32. Nd4 Bxd4 33. Rxd4 Kd8 34. Ke3 Kc7 35. Rd2 Rad8 36. Rd4 1/2-1/2

[Event "Landesliga Nord 1415"]
[Site "Bayern"]
[Date "2015.01.18"]
[Round "5.6"]
[White "Sommer, Matthias"]
[Black "Rein, Iwan"]
[Result "1-0"]
[WhiteElo "2037"]
[BlackElo "1978"]
[PlyCount "109"]
[EventDate "2014.10.19"]
[EventType "team-tourn"]
[EventRounds "9"]
[EventCountry "GER"]
[SourceTitle "EXT 2018"]
[Source "ChessBase"]
[SourceDate "2017.10.13"]
[SourceVersion "1"]
[SourceVersionDate "2017.10.13"]
[SourceQuality "1"]
[WhiteTeam "Nuernberg NT II"]
[BlackTeam "Bindlach Aktionaer II"]
[WhiteTeamCountry "GER"]
[BlackTeamCountry "GER"]

1. c4 Nf6 2. g3 e5 3. Bg2 Nc6 4. Nc3 Bc5 5. a3 a5 6. e3 0-0 7. Nge2 d6 8. 0-0 Bg4 9. h3 Bh5 10. g4 Bg6 11. d4 Ba7 12. d5 Nb8 13. b4 Na6 14. Qb3 h5 15. f3 Nd7 16. Kh2 f5 17. gxh5 Bxh5 18. Ng3 Qh4 19. Nxh5 Qxh5 20. c5 Rf6 21. c6 Nf8 22. cxb7 Rb8 23. Qc4 Nc5 24. bxc5 Rxb7 25. cxd6 cxd6 26. f4 Qh4 27. Rb1 Rg6 28. Qe2 Rxb1 29. Nxb1 e4 30. Qf2 Qh5 31. Bb2 Nd7 32. Rg1 Nc5 33. Bf1 Nd3 34. Bxd3 exd3 35. Rxg6 Qxg6 36. Nd2 Qe8 37. Nf1 Qb5 38. Qg2 Qb7 39. a4 Bc5 40. Bc3 Bb4 41. Qb2 Qxd5 42. Bxb4 axb4 43. Qxb4 Qf3 44. Qb3+ Kh8 45. Qxd3 Qf2+ 46. Kh1 Qf3+ 47. Kg1 Qxh3 48. a5 Qg4+ 49. Kf2 Qh4+ 50. Ke2 Qg4+ 51. Ke1 Qh4+ 52. Kd2 Qh1 53. a6 Qg2+ 54. Ke1 Qc6 55. Qa3 1-0

[Event "Landesliga Nord 1415"]
[Site "Bayern"]
[Date "2014.10.19"]
[Round "1.6"]
[White "Sommer, Matthias"]
[Black "Oechslein, Rainer"]
[Result "0-1"]
[WhiteElo "2037"]
[BlackElo "2156"]
[PlyCount "138"]
[EventDate "2014.10.19"]
[EventType "team-tourn"]
[EventRounds "9"]
[EventCountry "GER"]
[SourceTitle "EXT 2018"]
[Source "ChessBase"]
[SourceDate "2017.10.13"]
[SourceVersion "1"]
[SourceVersionDate "2017.10.13"]
[SourceQuality "1"]
[WhiteTeam "Nuernberg NT II"]
[BlackTeam "Schweinfurt"]
[WhiteTeamCountry "GER"]
[BlackTeamCountry "GER"]

1. c4 c5 2. g3 g6 3. Bg2 Bg7 4. Nc3 Nc6 5. a3 e6 6. e4 Nge7 7. Nge2 0-0 8. 0-0 d6 9. d3 b6 10. Be3 Bb7 11. Qd2 Nd4 12. Rab1 f5 13. Bh6 Nb3 14. Qe3 Bd4 15. Qg5 Bf6 16. Qe3 Rf7 17. Nf4 Nd4 18. Nfe2 Qd7 19. b4 Nxe2+ 20. Nxe2 Qa4 21. Qc1 cxb4 22. axb4 fxe4 23. dxe4 Rc8 24. Rd1 d5 25. exd5 Bxd5 26. Bxd5 Nxd5 27. c5 bxc5 28. bxc5 Rfc7 29. Be3 Qe4 30. Rb3 Nxe3 31. Rxe3 Qf5 32. Qa3 Be7 33. Nd4 Qxc5 34. Qb3 Qc4 35. Rxe6 Qxb3 36. Nxb3 Kf7 37. Re3 Rb8 38. Ra1 Rcb7 39. Na5 Rb1+ 40. Rxb1 Rxb1+ 41. Kg2 Bc5 42. Re2 Rb5 43. Nc6 a5 44. Ra2 Bb6 45. Kf3 Ke6 46. Re2+ Kd6 47. Ne7 Bc5 48. Ng8 Rb8 49. Nh6 Rf8+ 50. Kg2 a4 51. f4 a3 52. Ng4 Ra8 53. Ra2 Bd4 54. Kf3 Kd5 55. Ne5 Bxe5 56. fxe5 Kxe5 57. Ke3 h5 58. h3 g5 59. Kd3 g4 60. hxg4 hxg4 61. Ke3 Rf8 62. Rg2 Rf3+ 63. Kd2 a2 64. Rg1 Ra3 65. Ra1 Rxg3 66. Ke2 Ra3 67. Kd2 Kf4 68. Ke2 g3 69. Kf1 Kf3 0-1

[Event "Landesliga Nord 1213"]
[Site "Bayern"]
[Date "2013.03.17"]
[Round "8.3"]
[White "Yalcin, Alparslan"]
[Black "Sommer, Matthias"]
[Result "0-1"]
[WhiteElo "2029"]
[BlackElo "2117"]
[PlyCount "158"]
[EventDate "2012.10.14"]
[EventType "team-tourn"]
[EventRounds "9"]
[EventCountry "GER"]
[SourceTitle "EXT 2015"]
[Source "ChessBase"]
[SourceDate "2014.11.20"]
[SourceVersion "1"]
[SourceVersionDate "2014.11.20"]
[SourceQuality "1"]
[WhiteTeam "Kitzingen"]
[BlackTeam "Nuernberg NT II"]
[WhiteTeamCountry "GER"]
[BlackTeamCountry "GER"]

1. e4 c5 2. c3 d6 3. d4 Nf6 4. Bd3 g6 5. Nf3 Bg7 6. 0-0 0-0 7. Re1 Qc7 8. Bg5 Bg4 9. Nbd2 Nc6 10. h3 Bd7 11. Rc1 Rfe8 12. b4 h6 13. Be3 cxd4 14. cxd4 Qd8 15. Qb3 e6 16. Nc4 Bf8 17. Nxd6 Bxd6 18. e5 Bxb4 19. exf6 Bxe1 20. Rxe1 Qxf6 21. Qxb7 Qe7 22. Bxh6 Rab8 23. Qc7 Rec8 24. Qg3 Qf6 25. Re4 Rb4 26. Rf4 Qh8 27. Bg5 e5 28. Rh4 Qg7 29. Bh6 Qf6 30. Bg5 Qg7 31. Bh6 Qf6 32. dxe5 Qe6 33. Bg5 Nxe5 34. Qxe5 Rxh4 35. Bxh4 Qxe5 36. Nxe5 Be6 37. a4 Rc1+ 38. Kh2 Ra1 39. Bb5 Bb3 40. Nc6 a6 41. Bxa6 Rxa4 42. Na5 Rxa5 43. Bb7 Bd5 44. Bd8 Rb5 45. Ba6 Rb2 46. Bh4 g5 47. Bxg5 Rxf2 48. Kg3 Rxg2+ 49. Kf4 Kg7 50. Be7 Be6 51. h4 f6 52. h5 Rh2 53. Bb7 Rxh5 54. Bf3 Rh4+ 55. Kg3 Ra4 56. Bd6 Kg6 57. Bc6 Ra6 58. Be8+ Bf7 59. Bxf7+ Kxf7 60. Bc7 Kg6 61. Kf4 Ra4+ 62. Kf3 Kf5 63. Bb6 Ra3+ 64. Kf2 Ke4 65. Bc5 Ra2+ 66. Kg3 f5 67. Bd6 Ra6 68. Bc7 f4+ 69. Kf2 Ra2+ 70. Kf1 Kf3 71. Kg1 Ke3 72. Kf1 Ra1+ 73. Kg2 f3+ 74. Kg3 Rg1+ 75. Kh2 Rg8 76. Bb6+ Ke2 77. Bc5 f2 78. Bb4 f1Q 79. Bd2 Qg2# 0-1

[Event "Landesliga Nord 1213"]
[Site "Bayern"]
[Date "2012.10.14"]
[Round "1.3"]
[White "Haag, Wolfgang"]
[Black "Sommer, Matthias"]
[Result "1-0"]
[WhiteElo "2186"]
[BlackElo "2117"]
[PlyCount "127"]
[EventDate "2012.10.14"]
[EventType "team-tourn"]
[EventRounds "9"]
[EventCountry "GER"]
[SourceTitle "EXT 2015"]
[Source "ChessBase"]
[SourceDate "2014.11.20"]
[SourceVersion "1"]
[SourceVersionDate "2014.11.20"]
[SourceQuality "1"]
[WhiteTeam "Schweinfurt"]
[BlackTeam "Nuernberg NT II"]
[WhiteTeamCountry "GER"]
[BlackTeamCountry "GER"]

1. d4 Nf6 2. Nf3 g6 3. b4 Bg7 4. Bb2 c6 5. e3 0-0 6. c4 a5 7. b5 cxb5 8. cxb5 a4 9. Be2 d5 10. 0-0 Bg4 11. Nbd2 Nbd7 12. h3 Bxf3 13. Nxf3 Nb6 14. Ba3 Ne4 15. Rc1 Nd6 16. Qc2 Nbc4 17. Bc5 Qd7 18. Nd2 Nxd2 19. Qxd2 Rfd8 20. Qb4 Bf8 21. Bxd6 Qxd6 22. Qxd6 Rxd6 23. Rc7 Rb6 24. Rfc1 e6 25. f3 h5 26. Kf2 Kg7 27. Rc8 Rxc8 28. Rxc8 Bd6 29. e4 dxe4 30. fxe4 e5 31. Ke3 Kf6 32. Bc4 Ke7 33. dxe5 Bxe5 34. Ra8 Bd6 35. Rxa4 Bc5+ 36. Kd3 f5 37. exf5 gxf5 38. Bd5 Rd6 39. Kc4 b6 40. Ra8 h4 41. a4 Bf2 42. a5 bxa5 43. Rxa5 Rd8 44. Ra2 Rc8+ 45. Bc6 Bg1 46. Kd5 f4 47. Ra4 Rd8+ 48. Ke5 Be3 49. Re4 Rb8 50. Kd5+ Kf6 51. Kd6 Rg8 52. Re6+ Kf5 53. Be4+ Kg5 54. Kc7 f3 55. Bxf3 Bf4+ 56. Kd7 Rg7+ 57. Kc6 Kf5 58. Re8 Rc7+ 59. Kd5 Rd7+ 60. Kc5 Rd2 61. Rf8+ Ke5 62. Rxf4 Kxf4 63. b6 Ke5 64. b7 1-0

[Event "Landesliga Nord 1112"]
[Site "Bayern"]
[Date "2011.11.20"]
[Round "3.3"]
[White "Sommer, Matthias"]
[Black "Strobel, Walter"]
[Result "1/2-1/2"]
[WhiteElo "2128"]
[BlackElo "2104"]
[PlyCount "105"]
[EventDate "2011.10.02"]
[EventType "team-tourn"]
[EventRounds "9"]
[EventCountry "GER"]
[SourceTitle "EXT 2013"]
[Source "ChessBase"]
[SourceDate "2012.11.22"]
[SourceVersion "1"]
[SourceVersionDate "2012.11.22"]
[SourceQuality "1"]
[WhiteTeam "Nuernberg NT II"]
[BlackTeam "Klingenberg/Main"]
[WhiteTeamCountry "GER"]
[BlackTeamCountry "GER"]

1. d4 d5 2. c4 c6 3. Nf3 Nf6 4. e3 e6 5. b3 Nbd7 6. Bb2 Ne4 7. Bd3 Bb4+ 8. Nbd2 f5 9. 0-0 0-0 10. a3 Ba5 11. b4 Bc7 12. b5 cxb5 13. cxd5 exd5 14. Bxb5 Ndf6 15. Ne5 Nxd2 16. Qxd2 Be6 17. a4 Ne4 18. Qe2 Bd6 19. f3 Nf6 20. Ba3 Rc8 21. Qb2 Qe7 22. Bd3 Rc7 23. Rfc1 Rfc8 24. Rxc7 Rxc7 25. Bxd6 Qxd6 26. Rb1 g6 27. h3 Nd7 28. f4 Nf6 29. Kh2 Kg7 30. a5 Bc8 31. Ra1 Qe7 32. Ra3 Ne8 33. Rb3 Nd6 34. Rc3 Ne8 35. Qc2 Rxc3 36. Qxc3 Qc7 37. Qa3 Qd6 38. Qa4 Nc7 39. Qb3 Kf6 40. g4 fxg4 41. hxg4 Kg7 42. Qc2 Bd7 43. Kg3 Ne8 44. Qb3 Bc8 45. Kf3 h5 46. gxh5 gxh5 47. Qc2 Bg4+ 48. Kg2 Nf6 49. Bf5 b5 50. axb6 axb6 51. Qc8 Qe7 52. Bxg4 hxg4 53. Qc6 1/2-1/2

[Event "Landesliga Nord 1011"]
[Site "Bayern"]
[Date "2011.02.06"]
[Round "6.5"]
[White "Sommer, Matthias"]
[Black "Schmid, Roland1"]
[Result "1/2-1/2"]
[WhiteElo "2128"]
[BlackElo "2195"]
[PlyCount "78"]
[EventDate "2010.10.10"]
[EventType "team-tourn"]
[EventRounds "9"]
[EventCountry "GER"]
[SourceTitle "EXT 2012"]
[Source "ChessBase"]
[SourceDate "2011.11.24"]
[SourceVersion "1"]
[SourceVersionDate "2011.11.24"]
[SourceQuality "1"]
[WhiteTeam "Nuernberg NT II"]
[BlackTeam "Neutraubling"]
[WhiteTeamCountry "GER"]
[BlackTeamCountry "GER"]

1. d4 e6 2. c4 f5 3. g3 Nf6 4. Bg2 c6 5. Nf3 d5 6. 0-0 Bd6 7. Nc3 0-0 8. Qc2 Ne4 9. Rb1 Qe7 10. b4 Bd7 11. c5 Bc7 12. Bf4 Bxf4 13. gxf4 Be8 14. a4 Bh5 15. e3 Kh8 16. Ne5 Nd7 17. Na2 a6 18. Nc1 Rg8 19. b5 Nxe5 20. fxe5 axb5 21. axb5 Ra7 22. bxc6 bxc6 23. f3 Ng5 24. Nd3 Rga8 25. Rb6 Ra2 26. Rb2 Ra1 27. Qf2 Bxf3 28. h4 Bxg2 29. Rxa1 Rxa1+ 30. Kxg2 Nf7 31. Rb8+ Nd8 32. Qb2 Ra7 33. Qb6 Rd7 34. Qxc6 g5 35. hxg5 Qxg5+ 36. Kf2 Ra7 37. Qb6 Ra2+ 38. Nb2 Qh4+ 39. Kg2 Qg4+ 1/2-1/2

[Event "Landesliga Nord 1011"]
[Site "Bayern"]
[Date "2011.01.16"]
[Round "5.7"]
[White "Liebl, Korbinian"]
[Black "Sommer, Matthias"]
[Result "0-1"]
[WhiteElo "1892"]
[BlackElo "2128"]
[PlyCount "88"]
[EventDate "2010.10.10"]
[EventType "team-tourn"]
[EventRounds "9"]
[EventCountry "GER"]
[SourceTitle "EXT 2012"]
[Source "ChessBase"]
[SourceDate "2011.11.24"]
[SourceVersion "1"]
[SourceVersionDate "2011.11.24"]
[SourceQuality "1"]
[WhiteTeam "Koetzting"]
[BlackTeam "Nuernberg NT II"]
[WhiteTeamCountry "GER"]
[BlackTeamCountry "GER"]

1. e4 c5 2. c3 Nf6 3. e5 Nd5 4. Nf3 Nc6 5. Bc4 Nb6 6. Bb3 d5 7. exd6 e6 8. 0-0 Bxd6 9. d4 cxd4 10. cxd4 0-0 11. Re1 Nd5 12. Nc3 Nf6 13. a3 b6 14. d5 exd5 15. Nxd5 Nxd5 16. Qxd5 Bb7 17. Bg5 Qc7 18. Rad1 Bc5 19. Qd7 Rac8 20. Re8 Qxd7 21. Rxf8+ Rxf8 22. Rxd7 Ba8 23. Bc4 a5 24. Bf4 h6 25. Nd2 g5 26. Bg3 Nd4 27. Bd6 Bc6 28. Bxc5 bxc5 29. Ra7 a4 30. Ra5 Rb8 31. Rxc5 Rxb2 32. Nf1 Rb1 33. Bd3 Rd1 34. Ba6 Kg7 35. f3 Bd7 36. Kf2 Be6 37. Ra5 Bb3 38. Be2 Ra1 39. Nd2 Rxa3 40. Nxb3 Nxb3 41. Ra7 Ra2 42. Kf1 a3 43. Bd1 Nd4 44. Rd7 Rd2 0-1

[Event "Oberliga Bayern 0910"]
[Site "Bayern"]
[Date "2010.03.21"]
[Round "8.2"]
[White "Sommer, Matthias"]
[Black "Unzicker, Ferdinand"]
[Result "0-1"]
[WhiteElo "2125"]
[BlackElo "2266"]
[PlyCount "140"]
[EventDate "2009.10.18"]
[EventType "team-tourn"]
[EventRounds "9"]
[EventCountry "GER"]
[SourceTitle "EXT 2011"]
[Source "ChessBase"]
[SourceDate "2010.11.26"]
[SourceVersion "1"]
[SourceVersionDate "2010.11.26"]
[SourceQuality "1"]
[WhiteTeam "Nuernberg NT II"]
[BlackTeam "Bayern Muenchen II"]
[WhiteTeamCountry "GER"]
[BlackTeamCountry "GER"]

1. d4 d5 2. c4 c6 3. Nf3 Nf6 4. Nc3 e6 5. cxd5 exd5 6. Bg5 Be7 7. Qc2 g6 8. e3 Bf5 9. Bd3 Bxd3 10. Qxd3 Nbd7 11. 0-0 0-0 12. Rab1 a5 13. Rfc1 Re8 14. Na4 Ne4 15. Bf4 Bd6 16. Bxd6 Nxd6 17. Nc5 Qe7 18. Nxd7 Qxd7 19. Ne5 Qe7 20. Qa3 Kg7 21. h3 f6 22. Nf3 g5 23. Qd3 h5 24. g3 Qe6 25. h4 Ne4 26. Kg2 Qh3+ 27. Kxh3 Nxf2+ 28. Kg2 Nxd3 29. Rc3 Rxe3 30. hxg5 Rae8 31. gxf6+ Kxf6 32. Rf1 Ke6 33. Ng5+ Kd7 34. Nh7 Re2+ 35. Kh3 Nf2+ 36. Kh4 Ne4 37. Nf6+ Ke6 38. Nxe4 Rxe4+ 39. Kxh5 Rh8+ 40. Kg5 Rg8+ 41. Kh5 Rxd4 42. Rf2 Rd1 43. Re3+ Kd6 44. Rf6+ Kc5 45. Rc3+ Kb5 46. Rb3+ Ka6 47. Rg6 Rxg6 48. Kxg6 Rg1 49. Kf5 a4 50. Ra3 b5 51. g4 Rg2 52. b4 d4 53. g5 Kb6 54. g6 c5 55. bxc5+ Kxc5 56. Rf3 Rxa2 57. Rg3 Rf2+ 58. Ke4 Kc4 59. g7 Re2+ 60. Kf3 Re8 61. g8Q+ Rxg8 62. Rxg8 b4 63. Ke2 Kc3 64. Kd1 Kb2 65. Rg2+ Kb1 66. Rg4 b3 67. Kd2 a3 68. Rg3 Ka2 69. Rg1 b2 70. Kc2 d3+ 0-1

[Event "Oberliga Bayern 0910"]
[Site "Bayern"]
[Date "2010.01.24"]
[Round "5.2"]
[White "Sommer, Matthias"]
[Black "Schleich, Markus"]
[Result "1/2-1/2"]
[WhiteElo "2125"]
[BlackElo "2208"]
[PlyCount "114"]
[EventDate "2009.10.18"]
[EventType "team-tourn"]
[EventRounds "9"]
[EventCountry "GER"]
[SourceTitle "EXT 2011"]
[Source "ChessBase"]
[SourceDate "2010.11.26"]
[SourceVersion "1"]
[SourceVersionDate "2010.11.26"]
[SourceQuality "1"]
[WhiteTeam "Nuernberg NT II"]
[BlackTeam "Garching"]
[WhiteTeamCountry "GER"]
[BlackTeamCountry "GER"]

1. d4 Nf6 2. c4 g6 3. f3 Bg7 4. e4 d6 5. Nc3 0-0 6. Be3 c5 7. Nge2 Nc6 8. Qd2 e6 9. d5 exd5 10. cxd5 Ne5 11. Ng3 a6 12. a4 Bd7 13. h3 b5 14. axb5 axb5 15. Rxa8 Qxa8 16. f4 Nc4 17. Bxc4 bxc4 18. 0-0 Re8 19. e5 dxe5 20. fxe5 Rxe5 21. Bf4 Rxd5 22. Nxd5 Nxd5 23. Ne4 Bd4+ 24. Kh1 Bxh3 25. Bg5 Be6 26. Nf6+ Nxf6 27. Bxf6 Qd5 28. Qf4 Qh5+ 29. Qh2 Qxh2+ 30. Kxh2 Bxf6 31. Rxf6 Kf8 32. Kg3 Ke7 33. Rf1 Bd5 34. Rf2 f5 35. Kf4 Kf6 36. g3 g5+ 37. Ke3 h5 38. Rd2 Ke5 39. Rh2 Bf7 40. Rh1 f4+ 41. gxf4+ gxf4+ 42. Kf2 Ke4 43. Rh3 Kf5 44. Ra3 h4 45. Ra7 Bg6 46. Ra8 Kg5 47. Rh8 Bh5 48. Rg8+ Kf5 49. Rh8 Bd1 50. Rxh4 Ke4 51. Rh1 Bg4 52. Rg1 Bd7 53. Re1+ Kf5 54. Rc1 Be6 55. Re1 Bd5 56. Re8 Be6 57. Kf3 Bd5+ 1/2-1/2

[Event "Landesliga Nord 0809"]
[Site "Bayern"]
[Date "2009.03.15"]
[Round "8.2"]
[White "Hitzler, Philipp"]
[Black "Sommer, Matthias"]
[Result "1-0"]
[WhiteElo "2204"]
[BlackElo "2141"]
[PlyCount "123"]
[EventDate "2008.10.05"]
[EventType "team-tourn"]
[EventRounds "9"]
[EventCountry "GER"]
[SourceTitle "EXT 2020"]
[Source "ChessBase"]
[SourceDate "2019.10.17"]
[SourceVersion "1"]
[SourceVersionDate "2019.10.17"]
[SourceQuality "1"]
[WhiteTeam "Neutraubling"]
[BlackTeam "Nuernberg NT II"]
[WhiteTeamCountry "GER"]
[BlackTeamCountry "GER"]

1. d4 Nf6 2. Bg5 g6 3. Bxf6 exf6 4. g3 f5 5. Bg2 Bg7 6. e3 0-0 7. Ne2 d6 8. c4 Nd7 9. Nbc3 Nf6 10. 0-0 Re8 11. Qd3 c6 12. b4 Bd7 13. a4 a5 14. b5 h5 15. Rab1 Rb8 16. Rb3 c5 17. Nf4 b6 18. Rd1 cxd4 19. exd4 Rc8 20. Nfd5 Be6 21. Rb2 Bxd5 22. Bxd5 Rc7 23. Bc6 Rf8 24. Re1 Re7 25. Rxe7 Qxe7 26. Re2 Qd8 27. Kg2 h4 28. Re1 Ng4 29. Nd5 Nf6 30. Ne7+ Kh8 31. Bf3 Nh7 32. Qd2 Bf6 33. Nc6 Qd7 34. Bd5 Kg7 35. Qe3 Rh8 36. f4 Rf8 37. Bf3 Rh8 38. Re2 Rf8 39. c5 Qc7 40. cxb6 Qxb6 41. Qc3 Ra8 42. Qa3 Qc7 43. Rb2 h3+ 44. Kxh3 g5 45. Kg2 d5 46. Qc5 gxf4 47. b6 Qb7 48. Nxa5 Qa6 49. b7 Rb8 50. Qb5 Qd6 51. Nc6 fxg3 52. Qxd5 Qf4 53. hxg3 Qc1 54. Qb3 Ng5 55. Nxb8 Bxd4 56. Rb1 Qd2+ 57. Kh1 Nh3 58. Qb4 Nf2+ 59. Kg2 Bc3 60. Rb2 Qc1 61. Qxc3+ Qxc3 62. Rxf2 1-0

[Event "Landesliga Nord 0809"]
[Site "Bayern"]
[Date "2009.02.01"]
[Round "6.2"]
[White "Lauer, Moritz"]
[Black "Sommer, Matthias"]
[Result "1-0"]
[WhiteElo "2242"]
[BlackElo "2141"]
[PlyCount "115"]
[EventDate "2008.10.05"]
[EventType "team-tourn"]
[EventRounds "9"]
[EventCountry "GER"]
[SourceTitle "EXT 2020"]
[Source "ChessBase"]
[SourceDate "2019.10.17"]
[SourceVersion "1"]
[SourceVersionDate "2019.10.17"]
[SourceQuality "1"]
[WhiteTeam "Puschendorf"]
[BlackTeam "Nuernberg NT II"]
[WhiteTeamCountry "GER"]
[BlackTeamCountry "GER"]

1. e4 c5 2. Nf3 d6 3. d4 cxd4 4. Nxd4 Nf6 5. Nc3 a6 6. Be3 e5 7. Nb3 Be6 8. h3 Be7 9. Qf3 0-0 10. 0-0-0 Nbd7 11. g4 Rc8 12. g5 Ne8 13. h4 Rxc3 14. bxc3 a5 15. a4 Qc7 16. Kb2 b6 17. Bh3 Bxh3 18. Rxh3 Qc6 19. Qe2 Qxa4 20. Qd3 Nc7 21. Nd2 Qc6 22. h5 Rc8 23. g6 Ne6 24. Nb1 Nf6 25. gxf7+ Kxf7 26. f3 b5 27. h6 g6 28. Na3 Rb8 29. Nb1 b4 30. Kc1 b3 31. cxb3 Rxb3 32. Rh2 a4 33. Rb2 Rxb2 34. Kxb2 Bf8 35. Ka2 Nc7 36. Rd2 d5 37. Rb2 Nd7 38. Nd2 a3 39. Rb3 Nc5 40. Bxc5 Qxc5 41. exd5 Nxd5 42. Ne4 Qc6 43. Qb5 Qxb5 44. Rxb5 Ke6 45. c4 Ne3 46. Rb6+ Kd7 47. Rb7+ Kc6 48. Rxh7 Nf5 49. Rf7 Bxh6 50. Rf6+ Kd7 51. Kxa3 Nh4 52. Kb4 Bf4 53. Kc5 g5 54. Kd5 Nxf3 55. c5 Nd4 56. c6+ Kd8 57. Rf8+ Kc7 58. Rf7+ 1-0

[Event "Landesliga Nord 0809"]
[Site "Bayern"]
[Date "2008.10.26"]
[Round "2.2"]
[White "Haag, Wolfgang"]
[Black "Sommer, Matthias"]
[Result "1-0"]
[WhiteElo "2160"]
[BlackElo "2141"]
[PlyCount "57"]
[EventDate "2008.10.05"]
[EventType "team-tourn"]
[EventRounds "9"]
[EventCountry "GER"]
[SourceTitle "EXT 2020"]
[Source "ChessBase"]
[SourceDate "2019.10.17"]
[SourceVersion "1"]
[SourceVersionDate "2019.10.17"]
[SourceQuality "1"]
[WhiteTeam "Schweinfurt"]
[BlackTeam "Nuernberg NT II"]
[WhiteTeamCountry "GER"]
[BlackTeamCountry "GER"]

1. d4 Nf6 2. c4 g6 3. Nc3 Bg7 4. e4 d6 5. Nf3 0-0 6. Be2 e5 7. 0-0 Nc6 8. Be3 Ng4 9. Bg5 f6 10. Bc1 Nh6 11. dxe5 dxe5 12. Qd5+ Nf7 13. Rd1 Qe8 14. Qb5 Ncd8 15. Be3 Ne6 16. Bd3 c6 17. Qa5 Qe7 18. Na4 a6 19. Rd2 Bh6 20. Bxh6 Nxh6 21. Rad1 Rd8 22. c5 Nf7 23. Bc4 Rxd2 24. Qxd2 Rb8 25. b4 Kf8 26. Nb6 Ned8 27. Qe3 Be6 28. Bxe6 Qxe6 29. Nd7+ 1-0

[Event "Landesliga Nord 0708"]
[Site "Bayern"]
[Date "2007.10.21"]
[Round "1.4"]
[White "Kirschneck, Toralf"]
[Black "Sommer, Matthias"]
[Result "0-1"]
[WhiteElo "2122"]
[BlackElo "2117"]
[PlyCount "110"]
[EventDate "2007.10.21"]
[EventType "team-tourn"]
[EventRounds "9"]
[EventCountry "GER"]
[SourceTitle "EXT 2009"]
[Source "ChessBase"]
[SourceDate "2008.11.26"]
[SourceVersion "1"]
[SourceVersionDate "2008.11.26"]
[SourceQuality "1"]
[WhiteTeam "Marktleuthen"]
[BlackTeam "Nuernberg NT II"]
[WhiteTeamCountry "GER"]
[BlackTeamCountry "GER"]

1. d4 Nf6 2. c4 g6 3. Nc3 Bg7 4. e4 d6 5. f3 0-0 6. Be3 Nc6 7. a3 a6 8. Bd3 e5 9. d5 Nd4 10. Nge2 Nxe2 11. Qxe2 Nh5 12. Qd2 f5 13. exf5 gxf5 14. Bg5 Qe8 15. 0-0-0 Bd7 16. Rhg1 Kh8 17. Bb1 Qf7 18. Ne2 Rae8 19. g4 fxg4 20. fxg4 Nf6 21. Rdf1 Qg8 22. Bxf6 Bxf6 23. Rxf6 Rxf6 24. g5 Rf2 25. g6 Qg7 26. h4 Ref8 27. Be4 Rf1+ 28. Rxf1 Rxf1+ 29. Kc2 hxg6 30. Ng3 Rf4 31. h5 Bf5 32. Bxf5 gxf5 33. Qe3 Rxc4+ 34. Kb3 Rf4 35. h6 Qg4 36. Ka2 Rf3 37. Qa7 Qxg3 38. Qxb7 Qg6 39. Qxc7 Qxh6 40. Qd8+ Kh7 41. Qe7+ Kg6 42. Qxd6+ Kg5 43. Qxe5 Qf6 44. Qe2 Rg3 45. Qf2 f4 46. Qc5 Kg4 47. Qc8+ Qf5 48. Qg8+ Kf3 49. Qa8 Rg5 50. Qxa6 Qxd5+ 51. Kb1 Rg1+ 52. Kc2 Qe4+ 53. Kb3 Rc1 54. Qb6 Qc2+ 55. Ka2 Qc4+ 0-1

[Event "Landesliga Nord 0607"]
[Site "Bayern"]
[Date "2006.10.15"]
[Round "1.4"]
[White "Sommer, Matthias"]
[Black "Kirschneck, Toralf"]
[Result "1/2-1/2"]
[WhiteElo "2095"]
[BlackElo "2104"]
[PlyCount "166"]
[EventDate "2006.10.15"]
[EventType "team-tourn"]
[EventRounds "9"]
[EventCountry "GER"]
[SourceTitle "EXT 2008"]
[Source "ChessBase"]
[SourceDate "2007.11.25"]
[SourceVersion "1"]
[SourceVersionDate "2007.11.25"]
[SourceQuality "1"]
[WhiteTeam "Nuernberg NT II"]
[BlackTeam "Marktleuthen"]
[WhiteTeamCountry "GER"]
[BlackTeamCountry "GER"]

1. d4 Nf6 2. c4 g6 3. Nc3 Bg7 4. e4 d6 5. f3 0-0 6. Be3 Ne8 7. Qd2 f5 8. 0-0-0 c6 9. Bh6 Nd7 10. h4 Ndf6 11. Bd3 fxe4 12. Bxg7 Nxg7 13. Nxe4 Nxe4 14. Bxe4 d5 15. cxd5 cxd5 16. Bc2 Bf5 17. Bxf5 Nxf5 18. Ne2 Rf6 19. h5 Nd6 20. hxg6 Rxg6 21. Nf4 Nc4 22. Qf2 Rc8 23. Kb1 Qb6 24. Ka1 Rg5 25. Rde1 Qb4 26. Nd3 Qd2 27. Qxd2 Nxd2 28. Nf4 Rf5 29. Nd3 e5 30. Rxe5 Rxe5 31. dxe5 Nc4 32. Rc1 Re8 33. b3 Ne3 34. g3 Re7 35. Kb2 h5 36. Rh1 Rc7 37. Rxh5 Rc2+ 38. Kb1 Rd2 39. Nc5 d4 40. e6 b6 41. Nd7 Re2 42. Rg5+ Kh7 43. e7 Nd1 44. Nf6+ Kh6 45. Ne4 Nc3+ 46. Nxc3 dxc3 47. f4 Rxe7 48. Kc2 Re2+ 49. Kxc3 Rxa2 50. b4 a5 51. Kb3 Ra1 52. Rb5 a4+ 53. Kb2 Rg1 54. Rxb6+ Kg7 55. Rb5 Kf6 56. Rg5 Rd1 57. b5 Rd3 58. Ka2 Rb3 59. b6 Rxb6 60. Ka3 Ra6 61. Rc5 Ra8 62. g4 Ke6 63. Rc4 Rg8 64. g5 Kf5 65. Kxa4 Rb8 66. Rb4 Rc8 67. Kb3 Rc1 68. Rc4 Rb1+ 69. Kc3 Rc1+ 70. Kd3 Rd1+ 71. Ke3 Re1+ 72. Kf2 Ra1 73. Ke2 Ra2+ 74. Kd3 Ra3+ 75. Kc2 Rh3 76. Kb2 Rg3 77. Rc3 Rg2+ 78. Rc2 Rg3 79. Rf2 Rd3 80. Kc2 Rd7 81. Kc3 Rd8 82. Rg2 Kxf4 83. g6 Rg8 1/2-1/2

[Event "Nuremberg-ch op 06th"]
[Site "Nuremberg"]
[Date "2006.06.03"]
[Round "3.13"]
[White "Thuerauf, Peter"]
[Black "Sommer, Matthias"]
[Result "0-1"]
[WhiteElo "1930"]
[BlackElo "2095"]
[PlyCount "54"]
[EventDate "2006.06.02"]
[EventType "swiss"]
[EventRounds "5"]
[EventCountry "GER"]
[SourceTitle "EXT 2007"]
[Source "ChessBase"]
[SourceDate "2006.11.23"]
[SourceVersion "1"]
[SourceVersionDate "2006.11.23"]
[SourceQuality "1"]

1. d4 Nf6 2. Nf3 g6 3. c4 Bg7 4. g3 0-0 5. Bg2 d6 6. 0-0 Nbd7 7. Nc3 e5 8. h3 a6 9. Be3 Re8 10. Rc1 exd4 11. Bxd4 Nc5 12. Nd5 Nce4 13. Nxf6+ Nxf6 14. Kh2 Qe7 15. e3 c5 16. Bxf6 Qxf6 17. Rc2 Rb8 18. Rd2 Bf8 19. Re1 b5 20. cxb5 axb5 21. e4 Bb7 22. Rde2 Ra8 23. Qb3 Bc6 24. a3 Rab8 25. e5 dxe5 26. Nxe5 Bxg2 27. Nd7 Qf5 0-1